| 000 | 00628nam a2200229 i 4500 | ||
|---|---|---|---|
| 001 | 9241 | ||
| 003 | ES-MaACL | ||
| 005 | 20230906145632.0 | ||
| 008 | 930526s1993 sp |||| |aspa d | ||
| 020 | _a84-7880-238-X | ||
| 080 | _a86-94"19" | ||
| 100 | 1 |
_aSádaba, Javier. _9101274 |
|
| 245 | 1 | 0 |
_aDios y sus máscaras _b: autobiografía en tres décadas / _cJavier Sádaba. |
| 250 | _a1ª ed. | ||
| 260 |
_aMadrid : _bTemas de Hoy, _c1993. |
||
| 300 |
_a189 p. ; _c21 cm. |
||
| 490 | 1 | _aEnsayo | |
| 600 | 1 | 4 |
_aSádaba, Javier. _9101274 |
| 830 | 0 |
_aEnsayo _9177699 |
|
| 852 |
_aES-MaACL _jL-16726 |
||
| 999 |
_c9241 _d9241 |
||